00390nam a2200109Ia 4500008004100000100001800041245007900059245006300138260000900201650001300210856005700223170221s9999 xx 000 0 und d aE. G. Popkova 4aThe Integration of Economic Monetary Policy Systems of West African States cE. G. Popkova, J. O. Egbe, S. E. Akopov and S. N. Popovsky c2011 xBusiness uhttp://www.scienpress.com/Upload/BEJ/Vol%201_1_1.pdf